[Event "11th Asia-ch - Manny Pacquiao Cup"]
[Site "Manila PHI"]
[Date "2013.05.24"]
[Round "7"]
[White "Firmansyah, Farid"]
[Black "Nguyen Ngoc Truong Son"]
[Result "0-1"]
[WhiteElo "2369"]
[BlackElo "2631"]
[EventDate "2013.05.18"]
[PlyCount "66"]

1.e4 e5 2.Nf3 Nc6 3.Bb5 Nf6 4.d3 Bc5 5.O-O d6 6.c3 O-O 7.Be3 Bb6 8.Nbd2 
Ne7 9.Ba4 Ng6 10.d4 Qe7 11.Re1 c6 12.Bb3 h6 13.h3 Bc7 14.Qc2 Nh5 15.Nf1 
Kh8 16.Qd2 f5 17.exf5 Bxf5 18.dxe5 dxe5 19.Bxh6 gxh6 20.Qxh6+ Qh7 21.Qxh7+
Kxh7 22.g4 Nhf4 23.gxf5 Nxh3+ 24.Kh2 Rxf5 25.Kxh3 Rxf3+ 26.Ng3 Bb6 27.Bd1 
Rxf2 28.Rh1 Nf4+ 29.Kg4+ Kg6 30.Bf3 Rg8 31.Ne4 Kf7+ 32.Kf5 Rxf3 33.Rh7+ 
Kf8 0-1

[Event "11th Asia-ch - Manny Pacquiao Cup"]
[Site "Manila PHI"]
[Date "2013.05.24"]
[Round "7"]
[White "Barbosa, Oliver"]
[Black "Wan Yunguo"]
[Result "1-0"]
[WhiteElo "2566"]
[BlackElo "2509"]
[EventDate "2013.05.18"]
[PlyCount "79"]

1.d4 Nf6 2.c4 g6 3.Nc3 d5 4.Nf3 Bg7 5.cxd5 Nxd5 6.Qb3 Nb6 7.e4 Bg4 8.Bb5+ 
c6 9.Ng5 O-O 10.Be2 Bxe2 11.Nxe2 e5 12.dxe5 h6 13.Nf3 N8d7 14.O-O Nxe5 15.
Nxe5 Bxe5 16.f4 Bg7 17.f5 Kh7 18.Qh3 h5 19.g4 Be5 20.fxg6+ fxg6 21.Rxf8 
Qxf8 22.gxh5 g5 23.Bxg5 Qc8 24.Qxc8 Rxc8 25.Rf1 Kg7 26.Ng3 Kg8 27.Kg2 Bxb2
28.h4 Nc4 29.Kh3 Re8 30.Nf5 Kh8 31.Ne7 Bg7 32.Rf7 Nd6 33.Ng6+ Kg8 34.Rd7 
Nf7 35.Ne7+ Kf8 36.Nf5 Be5 37.h6 Re6 38.Rxb7 c5 39.Rxa7 Nh8 40.Ng7 1-0

[Event "11th Asia-ch - Manny Pacquiao Cup"]
[Site "Manila PHI"]
[Date "2013.05.24"]
[Round "7"]
[White "Santosh Gujrathi, Vidit"]
[Black "Djao Thien Hai"]
[Result "1/2-1/2"]
[WhiteElo "2549"]
[BlackElo "2506"]
[EventDate "2013.05.18"]
[PlyCount "60"]

1.d4 d5 2.c4 c6 3.Nf3 Nf6 4.Nc3 e6 5.e3 Nbd7 6.Qc2 Bd6 7.Bd3 O-O 8.O-O 
dxc4 9.Bxc4 a6 10.Rd1 Qc7 11.Bd2 c5 12.dxc5 Bxc5 13.Bd3 Be7 14.Rac1 Qb8 
15.Ne4 Nd5 16.Bc3 h6 17.Bd4 b6 18.b3 Bb7 19.Qb2 f6 20.Bb1 Rc8 21.Nc3 b5 
22.Nh4 Bd6 23.Nxd5 Bxd5 24.Rxc8+ Qxc8 25.Rc1 Qe8 26.Qe2 Rc8 27.Rd1 Be5 28.
Bxe5 Nxe5 29.f4 Nd7 30.e4 Bb7 1/2-1/2

[Event "11th Asia-ch - Manny Pacquiao Cup"]
[Site "Manila PHI"]
[Date "2013.05.24"]
[Round "7"]
[White "Bitoon, Richard"]
[Black "Ghaem Maghami, Ehsan"]
[Result "0-1"]
[WhiteElo "2403"]
[BlackElo "2568"]
[EventDate "2013.05.18"]
[PlyCount "72"]

1.e4 c5 2.Nf3 Nc6 3.d4 cxd4 4.Nxd4 Nf6 5.Nc3 d6 6.Bc4 Bd7 7.Bb3 g6 8.f3 
Bg7 9.Be3 O-O 10.Qd2 Rc8 11.O-O-O Ne5 12.Kb1 Nc4 13.Bxc4 Rxc4 14.g4 Re8 
15.h4 Qc7 16.h5 Rc8 17.hxg6 fxg6 18.Nd5 Nxd5 19.exd5 Qb6 20.b3 Rc3 21.Rhe1
Qb4 22.Ne2 Rxc2 23.Qxc2 Rxc2 24.Kxc2 Qa5 25.Kb1 Bb5 26.Bd4 Bd3+ 27.Kb2 
Bxe2 28.Rxe2 Qxd5 29.Red2 Qxf3 30.Bxg7 Kxg7 31.g5 Qf4 32.Rd5 Kf8 33.Ka3 
Ke8 34.Rh1 Kd7 35.Rxh7 Qc1+ 36.Kb4 Kc6 0-1

[Event "11th Asia-ch - Manny Pacquiao Cup"]
[Site "Manila PHI"]
[Date "2013.05.24"]
[Round "7"]
[White "Lalith Babu, Musunuri Rohit"]
[Black "Murshed, Niaz"]
[Result "1/2-1/2"]
[WhiteElo "2572"]
[BlackElo "2480"]
[EventDate "2013.05.18"]
[PlyCount "43"]

1.Nf3 d5 2.c4 e6 3.g3 Nf6 4.Bg2 dxc4 5.Qa4+ Nbd7 6.Qxc4 c5 7.Qb3 Bd6 8.O-O
O-O 9.d3 Rb8 10.a4 b6 11.Na3 a6 12.Nc4 Bc7 13.Bd2 Bb7 14.e4 Ba8 15.Rfe1 b5
16.Ne3 Ne5 17.Nxe5 Bxe5 18.Qc2 Bd4 19.Bc3 Nd7 20.axb5 axb5 21.Ba5 Qe7 22.
Bc3 1/2-1/2

[Event "11th Asia-ch - Manny Pacquiao Cup"]
[Site "Manila PHI"]
[Date "2013.05.24"]
[Round "7"]
[White "Li Shilong"]
[Black "Kuderinov, Kirill"]
[Result "0-1"]
[WhiteElo "2558"]
[BlackElo "2442"]
[EventDate "2013.05.18"]
[PlyCount "54"]

1.d4 Nf6 2.c4 e6 3.Nc3 d5 4.Bg5 Be7 5.Nf3 c6 6.e3 O-O 7.Qc2 Nbd7 8.a3 Nh5 
9.h4 Nhf6 10.Bd3 h6 11.Bf4 dxc4 12.Bxc4 Nd5 13.Bxd5 exd5 14.g4 Nf6 15.g5 
Nh5 16.Ne5 Nxf4 17.exf4 f6 18.Ng6 fxg5 19.Nxf8 Qxf8 20.fxg5 Bf5 21.Qd2 Bd6
22.gxh6 Re8+ 23.Kf1 Kh7 24.Qd1 Qf6 25.hxg7 Qg6 26.h5 Bd3+ 27.Ne2 Qe4 0-1

[Event "11th Asia-ch - Manny Pacquiao Cup"]
[Site "Manila PHI"]
[Date "2013.05.24"]
[Round "7"]
[White "Megaranto, Susanto"]
[Black "Nouri, Hamed"]
[Result "1-0"]
[WhiteElo "2531"]
[BlackElo "2368"]
[EventDate "2013.05.18"]
[PlyCount "71"]

1.d4 Nf6 2.Nf3 g6 3.c4 Bg7 4.Nc3 O-O 5.Bg5 d6 6.e3 Na6 7.Be2 Qe8 8.O-O e5 
9.Rc1 Nd7 10.c5 h6 11.Bh4 g5 12.Bg3 dxc5 13.Nxe5 Nxe5 14.dxe5 Bxe5 15.Bxa6
Bxg3 16.fxg3 Qxe3+ 17.Kh1 bxa6 18.Nd5 Qd4 19.Nf6+ Kg7 20.Qc2 Qxf6 21.Rxf6 
Kxf6 22.Qh7 Ke7 23.Rxc5 Be6 24.Rxc7+ Kd6 25.Qc2 Ke5 26.h4 Rac8 27.h5 Rfd8 
28.Qc3+ Kf5 29.Rxc8 Bxc8 30.Qc2+ Ke6 31.Qh7 Bb7 32.Qxh6+ f6 33.Qh7 Rd7 34.
Qg8+ Kd6 35.h6 Bd5 36.h7 1-0

[Event "11th Asia-ch - Manny Pacquiao Cup"]
[Site "Manila PHI"]
[Date "2013.05.24"]
[Round "7"]
[White "Batchuluun, Cegmed"]
[Black "Goh Wei Ming, Kevin"]
[Result "1-0"]
[WhiteElo "2507"]
[BlackElo "2449"]
[EventDate "2013.05.18"]
[PlyCount "47"]

1.d4 Nf6 2.c4 g6 3.Nc3 d5 4.Bf4 Bg7 5.e3 c5 6.dxc5 Qa5 7.Rc1 dxc4 8.Bxc4 
Qxc5 9.Nb5 Qb4+ 10.Kf1 Na6 11.a3 Qxb2 12.Rb1 Qxb1 13.Qxb1 O-O 14.Nf3 Bf5 
15.Bd3 Bxd3+ 16.Qxd3 Rfd8 17.Qb1 Nc5 18.g3 Nfe4 19.Kg2 Rd3 20.Ng5 Rb3 21.
Qxb3 Nxb3 22.Nxe4 h6 23.Rb1 Na5 24.Bc7 1-0

[Event "11th Asia-ch - Manny Pacquiao Cup"]
[Site "Manila PHI"]
[Date "2013.05.24"]
[Round "7"]
[White "Docena, Jerad"]
[Black "Laylo, Darwin"]
[Result "0-1"]
[WhiteElo "2055"]
[BlackElo "2504"]
[EventDate "2013.05.18"]
[PlyCount "52"]

1.e4 c6 2.d4 d5 3.exd5 cxd5 4.c4 Nf6 5.Nc3 Nc6 6.Bg5 Be6 7.a3 g6 8.Nge2 
dxc4 9.Nf4 Qxd4 10.Qxd4 Nxd4 11.Nxe6 Nxe6 12.Bxf6 exf6 13.Bxc4 Bc5 14.
O-O-O O-O 15.Ne4 Rac8 16.Kb1 f5 17.Nf6+ Kg7 18.Nd7 Rfe8 19.Bxe6 Rxe6 20.
Nxc5 Rxc5 21.Rd7 Re2 22.Rxb7 Rxf2 23.Rd1 f4 24.Rdd7 Rf5 25.g4 Rf6 26.h4 
Rh2 0-1

[Event "11th Asia-ch - Manny Pacquiao Cup"]
[Site "Manila PHI"]
[Date "2013.05.24"]
[Round "7"]
[White "Al-Sayed, Mohamad Naser"]
[Black "Nava, Roderick"]
[Result "1/2-1/2"]
[WhiteElo "2502"]
[BlackElo "2362"]
[EventDate "2013.05.18"]
[PlyCount "103"]

1.d4 Nf6 2.c4 e6 3.Nc3 Bb4 4.Qc2 d5 5.a3 Bxc3+ 6.Qxc3 O-O 7.Nf3 dxc4 8.
Qxc4 b6 9.Bg5 Ba6 10.Qc2 Nbd7 11.e4 Bxf1 12.Kxf1 h6 13.Bh4 Qc8 14.Qc6 Qa6+
15.Kg1 Rac8 16.Ne5 Nxe5 17.dxe5 Nh5 18.h3 g5 19.Bg3 Nxg3 20.fxg3 Qa5 21.
Kh2 Qxe5 22.b4 Rfd8 23.Rad1 h5 24.Qc2 h4 25.Qf2 Rxd1 26.Rxd1 c5 27.Rd7 
hxg3+ 28.Qxg3 Qxg3+ 29.Kxg3 c4 30.Kg4 c3 31.Rd1 f6 32.Kf3 Kf7 33.Ke2 c2 
34.Rc1 g4 35.hxg4 Kg6 36.e5 fxe5 37.Kd2 Kg5 38.Rxc2 Rxc2+ 39.Kxc2 Kxg4 40.
b5 e4 41.Kd2 Kf4 42.Ke2 Ke5 43.Ke3 Kd5 44.g3 Ke5 45.a4 Kd5 46.Ke2 Kd4 47.
g4 Ke5 48.Ke3 Kd5 49.Kd2 Kd6 50.Ke2 Ke5 51.Ke3 Kd5 52.Kd2 1/2-1/2

[Event "11th Asia-ch - Manny Pacquiao Cup"]
[Site "Manila PHI"]
[Date "2013.05.24"]
[Round "7"]
[White "Wang Chen"]
[Black "Mu Ke"]
[Result "1-0"]
[WhiteElo "2498"]
[BlackElo "2297"]
[EventDate "2013.05.18"]
[PlyCount "67"]

1.c4 Nf6 2.Nc3 g6 3.e4 d6 4.g3 Bg7 5.Bg2 O-O 6.Nge2 c6 7.O-O Qa5 8.d3 Bg4 
9.Be3 Na6 10.a3 Bxe2 11.Qxe2 Nd7 12.b4 Qd8 13.Qd2 Nc7 14.Rfb1 b5 15.cxb5 
Nxb5 16.d4 Nxc3 17.Qxc3 c5 18.bxc5 dxc5 19.e5 Rc8 20.f4 c4 21.Rd1 Qc7 22.
a4 Rb8 23.Rdc1 Rfc8 24.a5 Qd8 25.Rab1 e6 26.Rxb8 Nxb8 27.d5 exd5 28.Rd1 
Qc7 29.Bxd5 Rd8 30.Rd4 Bf8 31.e6 Bc5 32.exf7+ Kf8 33.Re4 Bxe3+ 34.Rxe3 1-0

[Event "11th Asia-ch - Manny Pacquiao Cup"]
[Site "Manila PHI"]
[Date "2013.05.24"]
[Round "7"]
[White "Das, Debashis"]
[Black "Luthfi Ali, Muhammad"]
[Result "1-0"]
[WhiteElo "2488"]
[BlackElo "2246"]
[EventDate "2013.05.18"]
[PlyCount "79"]

1.d4 Nf6 2.c4 g6 3.Nc3 d5 4.Nf3 Bg7 5.Qa4+ Bd7 6.Qb3 dxc4 7.Qxc4 O-O 8.Bf4
Na6 9.e4 c5 10.e5 Nh5 11.Be3 cxd4 12.Qxd4 Bc6 13.Be2 Qa5 14.O-O Nb4 15.Qh4
Nc2 16.g4 Nxa1 17.Rxa1 Qb4 18.gxh5 Qxb2 19.Rc1 Bxf3 20.Bxf3 Rac8 21.Ne2 
Rxc1+ 22.Nxc1 Rc8 23.Ne2 Qxe5 24.Bxb7 Rc2 25.Bf3 Qa1+ 26.Kg2 Qxa2 27.Qxe7 
Bf8 28.Qd8 Qc4 29.Nd4 Qc8 30.Qf6 Bg7 31.Qd6 Bf8 32.Qf4 Rc4 33.Bd5 Rc7 34.
hxg6 hxg6 35.Qe4 Kh7 36.Nf3 Qf5 37.Qh4+ Kg8 38.Bd4 Qh5 39.Qf6 Re7 40.Ng5 
1-0

[Event "11th Asia-ch - Manny Pacquiao Cup"]
[Site "Manila PHI"]
[Date "2013.05.24"]
[Round "7"]
[White "Bai Jinshi"]
[Black "Negi, Parimarjan"]
[Result "1/2-1/2"]
[WhiteElo "2369"]
[BlackElo "2651"]
[EventDate "2013.05.18"]
[PlyCount "129"]

1.d4 Nf6 2.c4 g6 3.Nf3 Bg7 4.g3 d5 5.Bg2 dxc4 6.Na3 c3 7.bxc3 O-O 8.O-O c5
9.Rb1 Nc6 10.Ne5 Nd5 11.Qb3 Nxe5 12.Qxd5 Qxd5 13.Bxd5 Nc6 14.dxc5 Bxc3 15.
Nb5 Be5 16.f4 Bb8 17.Bxc6 bxc6 18.Nd4 Bd7 19.Rb7 Rd8 20.Rd1 Bc8 21.Rxe7 
Kf8 22.Re3 Bc7 23.Red3 Ba6 24.R3d2 Ba5 25.Rc2 Bb5 26.Bb2 Ba4 27.Rdc1 Bxc2 
28.Rxc2 Rdc8 29.Nb3 Bd8 30.Be5 Be7 31.Nd2 Ke8 32.e4 f6 33.Bd6 Bxd6 34.cxd6
Kd7 35.e5 Rab8 36.Nb3 fxe5 37.fxe5 Ke6 38.Rc5 a6 39.Ra5 Rb5 40.Nd4+ Kd5 
41.d7 Rb8 42.e6 Kd6 43.Rxa6 Rc5 44.Kf2 Rc4 45.Ke3 Rxd4 46.Kxd4 Kxe6 47.
Rxc6+ Kxd7 48.Rc2 Ra8 49.Ke5 Ra6 50.Rb2 h5 51.Rf2 Ke7 52.Kd5 Ra8 53.Kc4 
Ke6 54.Rb2 Kf5 55.Kb3 Rb8+ 56.Kc2 Ra8 57.Rb5+ Kg4 58.Rb4+ Kh3 59.Rh4+ Kg2 
60.a4 g5 61.Rxh5 Rxa4 62.Kd3 g4 63.Ke3 Rb4 64.Rh4 Ra4 65.Rh7 1/2-1/2

[Event "11th Asia-ch - Manny Pacquiao Cup"]
[Site "Manila PHI"]
[Date "2013.05.24"]
[Round "7"]
[White "Bancod, Ronald"]
[Black "Antonio, Rogelio jr"]
[Result "1/2-1/2"]
[WhiteElo "2290"]
[BlackElo "2539"]
[EventDate "2013.05.18"]
[PlyCount "69"]

1.Nf3 Nf6 2.d4 c5 3.c3 d5 4.Bf4 Nc6 5.e3 Qb6 6.b3 Bg4 7.Be2 e6 8.O-O Be7 
9.h3 Bh5 10.a4 cxd4 11.exd4 Ne4 12.Nfd2 Nxd2 13.Nxd2 Bg6 14.b4 O-O 15.Nb3 
Qd8 16.Qd2 a5 17.b5 Nb8 18.Bxb8 Rxb8 19.Rfc1 Rc8 20.c4 Bb4 21.Qe3 dxc4 22.
Rxc4 Rxc4 23.Bxc4 Qd6 24.Be2 Bc2 25.Bd1 Bxd1 26.Rxd1 Rc8 27.Rc1 Qd8 28.Qe4
Rxc1+ 29.Nxc1 Qc7 30.Nd3 Bd6 31.Nc5 b6 32.Qa8+ Qb8 33.Qxb8+ Bxb8 34.Nd3 
Kf8 35.Nb2 1/2-1/2

[Event "11th Asia-ch - Manny Pacquiao Cup"]
[Site "Manila PHI"]
[Date "2013.05.24"]
[Round "7"]
[White "Gundavaa, Bayarsaihan"]
[Black "Senador, Emmanuel"]
[Result "1-0"]
[WhiteElo "2528"]
[BlackElo "2343"]
[EventDate "2013.05.18"]
[PlyCount "127"]

1.e4 e5 2.Nf3 Nc6 3.Bb5 a6 4.Ba4 Nf6 5.O-O Be7 6.d3 b5 7.Bb3 O-O 8.a4 Rb8 
9.axb5 axb5 10.Nc3 d6 11.h3 h6 12.Bd2 Re8 13.Nd5 Bf8 14.c3 Nxd5 15.Bxd5 
Ne7 16.Bb3 Bb7 17.Nh2 d5 18.Ng4 Ng6 19.Qf3 c5 20.Bxd5 Bxd5 21.exd5 Nh4 22.
Qg3 Rb6 23.Nxh6+ Rxh6 24.Bxh6 Nf5 25.Bg5 Nxg3 26.Bxd8 Ne2+ 27.Kh2 Rxd8 28.
g3 Rxd5 29.Rfe1 e4 30.Rxe2 exd3 31.Re8 g6 32.b3 Kg7 33.c4 bxc4 34.bxc4 Rd4
35.Rd1 Rxc4 36.Rxd3 Rd4 37.Rxd4 cxd4 38.Kg2 Bc5 39.Kf3 f5 40.Re5 Bb4 41.
Rd5 Bc3 42.h4 Kf7 43.Rd6 Kg7 44.Ke2 Kh6 45.f3 Kh5 46.Rd8 Kh6 47.g4 fxg4 
48.fxg4 Kg7 49.Rd6 Kf7 50.g5 Bb2 51.Rf6+ Kg7 52.Rb6 Bc3 53.Rb7+ Kg8 54.Rd7
Kh8 55.Kd3 Kg8 56.Rxd4 Be1 57.Kc4 Bf2 58.Re4 Bg3 59.Kd5 Kf7 60.Rg4 Be1 61.
Rf4+ Kg7 62.Ke6 Bc3 63.Rc4 Bb2 64.Rc7+ 1-0

[Event "11th Asia-ch - Manny Pacquiao Cup"]
[Site "Manila PHI"]
[Date "2013.05.24"]
[Round "7"]
[White "Nolte, Rolando"]
[Black "Garma, Chito"]
[Result "1/2-1/2"]
[WhiteElo "2453"]
[BlackElo "2318"]
[EventDate "2013.05.18"]
[PlyCount "73"]

1.e4 c5 2.Nf3 d6 3.d4 Nd7 4.Nc3 Ngf6 5.dxc5 Nxc5 6.e5 Nfe4 7.Nxe4 Nxe4 8.
Qd5 Nc5 9.Ng5 e6 10.Qf3 Qd7 11.Be3 d5 12.O-O-O h6 13.Nh3 Qc7 14.Bd4 Bd7 
15.Kb1 Rc8 16.Qe3 Na4 17.Bd3 Bc5 18.Bxc5 Nxc5 19.Rhe1 Qa5 20.Qd4 Rc6 21.a3
Nxd3 22.Qxd3 Rc4 23.Qd2 Qxd2 24.Rxd2 Rh4 25.f3 Ke7 26.c3 Rc8 27.Rd4 Rxd4 
28.cxd4 Rc4 29.Rd1 f6 30.Nf4 g5 31.b3 Rc3 32.Rd3 Rc6 33.Ne2 fxe5 34.dxe5 
Ra6 35.Kb2 Bb5 36.Re3 Bxe2 37.Rxe2 1/2-1/2

[Event "11th Asia-ch - Manny Pacquiao Cup"]
[Site "Manila PHI"]
[Date "2013.05.24"]
[Round "7"]
[White "Abelgas, Roel"]
[Black "Donguines, Fernie"]
[Result "1/2-1/2"]
[WhiteElo "2269"]
[BlackElo "2372"]
[EventDate "2013.05.18"]
[PlyCount "68"]

1.d4 Nf6 2.c4 e6 3.Nf3 d5 4.cxd5 exd5 5.Qc2 c5 6.dxc5 Nc6 7.e3 Ne4 8.Bb5 
Bxc5 9.O-O O-O 10.a3 Bf5 11.Nbd2 Qe7 12.b4 Bd6 13.Bb2 Rac8 14.Qa4 a6 15.
Bxc6 Nxd2 16.Nxd2 Rxc6 17.Rfc1 Bxh2+ 18.Kxh2 Qh4+ 19.Kg1 Rh6 20.f3 Qh2+ 
21.Kf2 Rg6 22.Rg1 Bh3 23.b5 Re8 24.Qf4 Rxg2+ 25.Rxg2 Qxg2+ 26.Ke1 Bf5 27.
Qd4 axb5 28.Rc1 h5 29.Rc5 Qg3+ 30.Ke2 h4 31.Rxd5 Qg2+ 32.Ke1 Qg3+ 33.Ke2 
Qg2+ 34.Ke1 Qg3+ 1/2-1/2

[Event "11th Asia-ch - Manny Pacquiao Cup"]
[Site "Manila PHI"]
[Date "2013.05.24"]
[Round "7"]
[White "Bersamina, Paulo"]
[Black "Nguyen Djuc Hoa"]
[Result "1/2-1/2"]
[WhiteElo "2283"]
[BlackElo "2503"]
[EventDate "2013.05.18"]
[PlyCount "90"]

1.e4 c5 2.Nf3 Nc6 3.Nc3 g6 4.d4 cxd4 5.Nxd4 Bg7 6.Be3 d6 7.Qd2 Nf6 8.f3 
O-O 9.O-O-O d5 10.Kb1 Nxd4 11.e5 Nf5 12.exf6 exf6 13.Nxd5 Qxd5 14.Qxd5 
Nxe3 15.Qd3 Nxd1 16.Qxd1 Bf5 17.Bd3 Rad8 18.g4 Bxd3 19.cxd3 Rd6 20.Re1 
Rfd8 21.Qa4 Bf8 22.Re8 Rxe8 23.Qxe8 Rxd3 24.Qa8 Rxf3 25.Qxb7 Rf1+ 26.Kc2 
a5 27.Qa8 f5 28.Qxa5 Rf2+ 29.Kd3 fxg4 30.Qe5 h5 31.a4 h4 32.a5 g3 33.hxg3 
h3 34.a6 Rf3+ 35.Kc4 h2 36.Qe1 Rxg3 37.Qh1 Rg4+ 38.Kb5 Rb4+ 39.Kc6 Rxb2 
40.a7 Ra2 41.Kb7 Rb2+ 42.Kc6 Ra2 43.Kb7 Rb2+ 44.Ka6 Ra2+ 45.Kb7 Rb2+ 
1/2-1/2

[Event "11th Asia-ch - Manny Pacquiao Cup"]
[Site "Manila PHI"]
[Date "2013.05.24"]
[Round "7"]
[White "Gombosuren, Munkhgal"]
[Black "Dela Cruz, Noel"]
[Result "1/2-1/2"]
[WhiteElo "2427"]
[BlackElo "2331"]
[EventDate "2013.05.18"]
[PlyCount "117"]

1.d4 Nf6 2.c4 g6 3.Nc3 d5 4.Bg5 Bg7 5.Bxf6 Bxf6 6.cxd5 c6 7.e4 O-O 8.e5 
Bg7 9.Bc4 b5 10.Bb3 a5 11.a3 Ba6 12.Nf3 b4 13.Na4 cxd5 14.Nc5 e6 15.Bc2 
Qb6 16.Bd3 Bxd3 17.Qxd3 Rc8 18.O-O Nc6 19.axb4 Nxb4 20.Qb3 Rc7 21.Qa4 Nc6 
22.Rac1 Rac8 23.Nd3 Bf8 24.h4 h5 25.g3 Bb4 26.Nxb4 Qxb4 27.Qxb4 axb4 28.
Ra1 Ne7 29.Ra4 Rb7 30.Rd1 Rc2 31.Rd2 b3 32.Kf1 Nf5 33.Ke2 Kg7 34.Kd1 Rc4 
35.Ra3 Rbb4 36.Ke2 Rc2 37.Kd1 Rxd2+ 38.Kxd2 Nxd4 39.Nxd4 Rxd4+ 40.Kc3 Re4 
41.Rxb3 Rxe5 42.Ra3 Re1 43.Kd2 Rf1 44.f4 Kf6 45.b4 Rb1 46.Ra4 Rb3 47.Kc2 
Rxg3 48.b5 Ke7 49.b6 Kd7 50.Ra7+ Kc6 51.b7 Kc7 52.b8=Q+ Kxb8 53.Rxf7 Rg4 
54.Rf6 Rxh4 55.Rxg6 Rxf4 56.Rxe6 Rf5 57.Re7 Kc8 58.Kd3 Kd8 59.Rh7 1/2-1/2

[Event "11th Asia-ch - Manny Pacquiao Cup"]
[Site "Manila PHI"]
[Date "2013.05.24"]
[Round "7"]
[White "Turqueza, Mari Joseph"]
[Black "Pascua, Haridas"]
[Result "1-0"]
[WhiteElo "2280"]
[BlackElo "2413"]
[EventDate "2013.05.18"]
[PlyCount "57"]

1.d4 Nf6 2.c4 g6 3.g3 Bg7 4.Bg2 O-O 5.Nc3 d6 6.Nf3 Nc6 7.O-O a6 8.h3 Rb8 
9.e4 b5 10.cxb5 axb5 11.Re1 b4 12.Nd5 Nd7 13.Bg5 h6 14.Rc1 hxg5 15.Rxc6 
Bb7 16.Nxb4 Ba8 17.Rc4 e6 18.Qc2 c5 19.dxc5 d5 20.exd5 exd5 21.Rg4 f5 22.
Rxg5 Rxb4 23.Rxg6 Rc4 24.Qd1 Nxc5 25.Ng5 Qd7 26.Qh5 Rb8 27.Qh7+ Kf8 28.
Rxg7 Qxg7 29.Qxf5+ 1-0

[Event "11th Asia-ch - Manny Pacquiao Cup"]
[Site "Manila PHI"]
[Date "2013.05.24"]
[Round "7"]
[White "Garcia, Jan Emmanuel"]
[Black "Bilguun, Sumiya"]
[Result "1-0"]
[WhiteElo "2401"]
[BlackElo "2269"]
[EventDate "2013.05.18"]
[PlyCount "97"]

1.c4 e6 2.Nf3 c5 3.g3 b6 4.Bg2 Bb7 5.O-O Nf6 6.Nc3 d6 7.d4 cxd4 8.Qxd4 a6 
9.Rd1 Nbd7 10.Ng5 Bxg2 11.Kxg2 Rc8 12.Nge4 Qc7 13.b3 Qc6 14.f3 b5 15.Ba3 
bxc4 16.Bxd6 Qb6 17.Bxf8 Qxd4 18.Rxd4 Kxf8 19.Nd6 Rc6 20.Nxc4 Ke7 21.Rad1 
Rhc8 22.Ne4 Nd5 23.Ned6 R8c7 24.e4 N5b6 25.f4 Nxc4 26.Nxc4 Nb6 27.Ne3 Rd7 
28.e5 Rxd4 29.Rxd4 a5 30.Kf3 a4 31.bxa4 Rc3 32.Ke4 f5+ 33.exf6+ gxf6 34.g4
h5 35.a5 Nc8 36.Rc4 Nd6+ 37.Kd4 Ra3 38.Rc7+ Kd8 39.Rc6 Ra4+ 40.Kc5 Nb7+ 
41.Kb5 Rxa2 42.a6 Rb2+ 43.Ka4 Kd7 44.Rc2 Rb6 45.axb7 hxg4 46.Nxg4 Rxb7 47.
Nxf6+ Ke7 48.Ne4 Ra7+ 49.Kb3 1-0

[Event "11th Asia-ch - Manny Pacquiao Cup"]
[Site "Manila PHI"]
[Date "2013.05.24"]
[Round "7"]
[White "Nadera, Barlo"]
[Black "Pimentel, Joel"]
[Result "1-0"]
[WhiteElo "2388"]
[BlackElo "2194"]
[EventDate "2013.05.18"]
[PlyCount "117"]

1.d4 d5 2.Nf3 Nf6 3.c4 c6 4.Qc2 g6 5.Bf4 Bg7 6.e3 Nh5 7.Be5 f6 8.Bg3 Be6 
9.cxd5 cxd5 10.Nc3 O-O 11.Be2 Nc6 12.O-O Rc8 13.Rac1 Na5 14.Qa4 a6 15.b3 
Nxg3 16.hxg3 b5 17.Qa3 Rc6 18.Nd2 Bf7 19.Bf3 Rd6 20.Rfd1 f5 21.Be2 Qb6 22.
Qb2 e5 23.dxe5 Bxe5 24.Nf3 Bf6 25.Qd2 Rfd8 26.Nd4 Nc6 27.Bf3 Nxd4 28.exd4 
Kg7 29.Ne2 h6 30.Rc5 g5 31.g4 fxg4 32.Bxg4 h5 33.Bf5 Re8 34.Rdc1 b4 35.Ng3
h4 36.Nf1 Rdd8 37.Ne3 Qd6 38.Bd3 Be6 39.Rxd5 Qf4 40.Rxd8 Rxd8 41.Rc6 Bd7 
42.Rc4 a5 43.d5 Qe5 44.Qd1 Rh8 45.Re4 Qc3 46.Bf1 h3 47.gxh3 Qc8 48.Rc4 Qe8
49.Rc7 Kg8 50.d6 Rh7 51.Qf3 Be5 52.Qd5+ Kh8 53.Ra7 Qe6 54.Qxa5 Qf6 55.Qd5 
Rf7 56.Ng4 Bh2+ 57.Kxh2 Qf4+ 58.Kg1 Be6 59.Ra8+ 1-0

[Event "11th Asia-ch - Manny Pacquiao Cup"]
[Site "Manila PHI"]
[Date "2013.05.24"]
[Round "7"]
[White "Ervan, Mohamad"]
[Black "Dimakiling, Oliver"]
[Result "0-1"]
[WhiteElo "2162"]
[BlackElo "2384"]
[EventDate "2013.05.18"]
[PlyCount "112"]

1.e4 e5 2.Nf3 Nc6 3.Bb5 Nf6 4.O-O d6 5.Re1 a6 6.Ba4 b5 7.Bb3 Na5 8.c3 Nxb3
9.Qxb3 c5 10.d3 Be7 11.Nbd2 O-O 12.h3 Re8 13.Nf1 Bf8 14.Ng3 g6 15.Be3 Bg7 
16.Qc2 h6 17.Rad1 Bb7 18.Nh2 h5 19.Nf3 Qc7 20.c4 Bc6 21.b3 a5 22.a4 bxa4 
23.bxa4 Nd7 24.Ne2 f5 25.Nc3 f4 26.Bd2 Nf8 27.Rb1 Ne6 28.Nd5 Qd8 29.Bc3 
Kh7 30.Rb2 Rf8 31.Reb1 g5 32.Nh2 Qe8 33.Qe2 Kh6 34.Rb6 Rf7 35.Qb2 Rf8 36.
Qd2 Bf6 37.Qb2 Kg6 38.Qe2 Qd7 39.R6b2 Bd8 40.Nb6 Bxb6 41.Rxb6 Bxa4 42.Qd2 
Bc6 43.Bxa5 f3 44.Nxf3 Rxf3 45.gxf3 Nf4 46.Qe1 Nxh3+ 47.Kg2 Nf4+ 48.Kg1 
Rf8 49.Rb8 Nh3+ 50.Kg2 Nf4+ 51.Kg1 Qh3 52.Qf1 Rxb8 53.Rxb8 Qxf3 54.Bd2 
Nxd3 55.Rg8+ Kh7 56.Rxg5 Bxe4 0-1

[Event "11th Asia-ch - Manny Pacquiao Cup"]
[Site "Manila PHI"]
[Date "2013.05.24"]
[Round "7"]
[White "Nguyen Van Huy"]
[Black "Mariano, Nelson"]
[Result "1/2-1/2"]
[WhiteElo "2443"]
[BlackElo "2282"]
[EventDate "2013.05.18"]
[PlyCount "56"]

1.d4 Nf6 2.Nf3 g6 3.g3 Bg7 4.Bg2 O-O 5.O-O d6 6.a4 Na6 7.Nc3 d5 8.Ne5 c5 
9.Be3 Bf5 10.dxc5 Nb4 11.Bf4 Bxc2 12.Qd2 Nh5 13.Nxd5 Nxd5 14.Bxd5 Nxf4 15.
gxf4 Bb3 16.e4 e6 17.Qd3 exd5 18.Qxb3 Bxe5 19.fxe5 dxe4 20.Rad1 Qg5+ 21.
Qg3 Qf5 22.Rd5 Rfe8 23.f4 Rac8 24.b4 b6 25.Qg5 Qh3 26.Qg3 Qf5 27.Qg5 Qh3 
28.Qg3 Qf5 1/2-1/2

[Event "11th Asia-ch - Manny Pacquiao Cup"]
[Site "Manila PHI"]
[Date "2013.05.24"]
[Round "7"]
[White "Tran Tuan Minh"]
[Black "Liew Chee Meng, Jimmy"]
[Result "1-0"]
[WhiteElo "2399"]
[BlackElo "2287"]
[EventDate "2013.05.18"]
[PlyCount "36"]

1.d4 d6 2.e4 Nf6 3.Nc3 e5 4.Nf3 Nbd7 5.Bc4 Be7 6.O-O O-O 7.Re1 c6 8.a4 a5 
9.h3 Qc7 10.Bd2 exd4 11.Nxd4 Nc5 12.Qf3 Be6 13.Nxe6 Nxe6 14.Be3 b6 15.Rad1
Rad8 16.Ne2 Rd7 17.Rd2 Rfd8 18.Nf4 Bf8 1-0

[Event "11th Asia-ch - Manny Pacquiao Cup"]
[Site "Manila PHI"]
[Date "2013.05.24"]
[Round "7"]
[White "Segarra, Randy"]
[Black "Galmandakh, Badrakh"]
[Result "1-0"]
[WhiteElo "2343"]
[BlackElo "2212"]
[EventDate "2013.05.18"]
[PlyCount "73"]

1.e4 d6 2.d4 Nf6 3.Nc3 e5 4.Nge2 Be7 5.f3 O-O 6.g3 Re8 7.Bg2 exd4 8.Nxd4 
d5 9.e5 Bb4 10.f4 Ne4 11.Qf3 f6 12.O-O fxe5 13.fxe5 Rf8 14.Qd3 Rxf1+ 15.
Bxf1 Bxc3 16.bxc3 c5 17.Nb5 c4 18.Qe3 Qb6 19.a4 Nc6 20.e6 Qd8 21.Bh3 a6 
22.Nd4 Qf6 23.Nxc6 bxc6 24.Qd4 c5 25.Qxf6 gxf6 26.Bh6 Nxc3 27.Re1 Ne4 28.
Bf5 Nd6 29.Bg4 Ne4 30.Rb1 Nd6 31.Rb6 Ne8 32.Bh5 Ng7 33.Bf7+ Kh8 34.Rd6 
Bxe6 35.Bxg7+ Kxg7 36.Bxe6 d4 37.Bxc4 1-0

[Event "11th Asia-ch - Manny Pacquiao Cup"]
[Site "Manila PHI"]
[Date "2013.05.24"]
[Round "7"]
[White "Rudin, Hamdani"]
[Black "Masruri, Rahman"]
[Result "1-0"]
[WhiteElo "2341"]
[BlackElo "2165"]
[EventDate "2013.05.18"]
[PlyCount "49"]

1.e4 e6 2.d4 d5 3.Nc3 Bb4 4.e5 c5 5.a3 Bxc3+ 6.bxc3 Qc7 7.Nf3 Ne7 8.a4 b6 
9.Bb5+ Bd7 10.Be2 Nbc6 11.O-O O-O 12.Re1 Ng6 13.h4 h6 14.h5 Nge7 15.Bf4 
Kh8 16.Qd2 Ng8 17.g4 Nce7 18.Bd3 c4 19.Be2 Qc8 20.Kh1 f6 21.Rg1 Nc6 22.Qe3
Qd8 23.Rg2 fxe5 24.Nxe5 Nxe5 25.Bxe5 1-0

[Event "11th Asia-ch - Manny Pacquiao Cup"]
[Site "Manila PHI"]
[Date "2013.05.24"]
[Round "7"]
[White "Emperado, Emmanuel"]
[Black "Polao, Ben"]
[Result "1-0"]
[WhiteElo "2313"]
[BlackElo "2083"]
[EventDate "2013.05.18"]
[PlyCount "99"]

1.e4 c5 2.Nf3 g6 3.d4 cxd4 4.Nxd4 Nc6 5.c4 Bg7 6.Be3 Nf6 7.Nc3 d6 8.Be2 
Bd7 9.O-O O-O 10.Qd2 a6 11.f3 Rc8 12.Rab1 Nxd4 13.Bxd4 Be6 14.b3 Qa5 15.
Qb2 Nh5 16.Bxg7 Nxg7 17.Rbc1 Qe5 18.Qd2 Qf6 19.f4 Qh4 20.g3 Qh3 21.Bf3 Rc7
22.Rc2 Bg4 23.Bg2 Qh5 24.Nd5 Rd7 25.Re1 Be6 26.Nb6 Qc5+ 27.Qf2 Qxf2+ 28.
Kxf2 Rc7 29.Rec1 Rd8 30.Ke3 Ne8 31.Bf1 Rc6 32.Nd5 Bxd5 33.cxd5 Rxc2 34.
Rxc2 f6 35.Bh3 Kf7 36.Be6+ Kf8 37.Bc8 b6 38.Bxa6 f5 39.exf5 Nf6 40.Kd4 
gxf5 41.Bd3 Ra8 42.Bxf5 Ra5 43.Be6 Rc5 44.Rxc5 bxc5+ 45.Kc4 Ke8 46.Kb5 Kd8
47.Kb6 Ne8 48.a4 Nc7 49.a5 Nxe6 50.dxe6 1-0

[Event "11th Asia-ch - Manny Pacquiao Cup"]
[Site "Manila PHI"]
[Date "2013.05.24"]
[Round "7"]
[White "Galindo, Joseph"]
[Black "Akash, Ganesan"]
[Result "0-1"]
[WhiteElo "2081"]
[BlackElo "2397"]
[EventDate "2013.05.18"]
[PlyCount "53"]

1.d4 Nf6 2.Bg5 e6 3.e4 h6 4.Bxf6 Qxf6 5.Nf3 d6 6.Nc3 Nd7 7.Qe2 a6 8.g3 g5 
9.O-O-O Bg7 10.Bg2 Qe7 11.Rhe1 b5 12.e5 d5 13.h4 Bb7 14.hxg5 hxg5 15.Rh1 
O-O-O 16.Nd2 c5 17.Nb3 cxd4 18.Rxd4 Rxh1+ 19.Bxh1 Nxe5 20.f4 gxf4 21.gxf4 
Ng6 22.Rd1 Nxf4 23.Qe3 Qc7 24.Bf3 Ng6 25.Kb1 Ne5 26.Be2 Nc4 27.Qh3 0-1